Tous les clubs victimes de Cristiano Ronaldo - Statistiques

Statistiques générales
  • Ce quiz a été pris 1 363 fois
    38 depuis la dernière actualisation
  • Le résultat moyen est 37 sur 161
Statistiques - réponses
Pays Club % Correct
Espagne FC Barcelone 20
100%
Espagne Atletico Madrid 25
97%
Espagne FC Séville 27
79%
Angleterre Manchester City 5
74%
Allemagne Bayern Munich 9
68%
Angleterre Manchester United 3
68%
Angleterre Arsenal 9
65%
Angleterre Chelsea 2
65%
Angleterre Liverpool 3
65%
France Paris Saint-Germain 3
65%
Allemagne Borussia Dortmund 7
62%
Italie Inter Milan 5
62%
Espagne Real Sociedad 15
62%
Italie AC Milan 6
59%
Pays-Bas Ajax Amsterdam 9
59%
Arabie Saoudite Al-Ahli 5
59%
Arabie Saoudite Al-Hilal 4
59%
France Olympique de Marseille 4
59%
France Olympique Lyonnais 6
59%
Angleterre Aston Villa 9
56%
Espagne Betis Séville 6
56%
Portugal FC Porto 1
56%
Italie Juventus 10
56%
Espagne Valence 15
56%
Italie Naples 4
53%
Italie AS Rome 10
50%
Espagne Atheltic Bilbao 17
50%
Espagne Gerone 4
50%
Arabie Saoudite Al-Ittihad 6
47%
Turquie Galatasaray 6
47%
Ukraine Shaktar Donetsk 5
47%
Espagne Espanyol Barcelone 15
44%
Espagne RCD Majorque 7
44%
Portugal Sporting Portugal 3
44%
Angleterre Tottenham 14
44%
Ukraine Dynamo Kiev 4
41%
Italie Lazio Rome 5
41%
Angleterre Newcastle 8
41%
Espagne Villarreal 15
41%
Angleterre West Ham 6
41%
Allemagne Bayer Leverkusen 2
38%
Espagne Getafe 23
38%
Espagne Deportivo Alaves 5
35%
Suisse Young Boys Berne 1
35%
Angleterre Brighton & Hove 1
32%
Espagne Celta Vigo 20
32%
Angleterre Everton 6
32%
Danemark FC Copenhague 3
32%
Allemagne FC Schalke 7
32%
Espagne Rayo Vallecano 12
32%
Allemagne VfL Wolfsburg 3
32%
Suisse FC Bâle 2
29%
Espagne Las Palmas 3
29%
Espagne Levante 14
29%
Suède Malmö FF 6
29%
Espagne Elche 7
26%
Espagne Malaga 17
26%
Espagne Osasuna 12
26%
Italie Parme 6
26%
Italie Torino 4
26%
Angleterre Burnley 1
24%
Italie Fiorentina 3
24%
Espagne Grenade 12
24%
Italie Sassuolo 6
24%
Italie Udinese 7
24%
France AJ Auxerre 1
21%
Italie Atalanta Bergame 6
21%
Italie Cagliari 8
21%
Russie CSKA Moscou 3
21%
Suisse FC Zürich 2
21%
Italie Hellas Vérone 3
21%
Espagne Real Valladolid 3
21%
Italie Sampdoria Gênes 5
21%
Angleterre Southampton 2
21%
Angleterre Sunderland 1
21%
Espagne Almeria 7
18%
Italie Bologne 2
18%
Angleterre Brentford 1
18%
Angleterre Fulham 7
18%
Arabie Saoudite Neom SC 1
18%
Angleterre Norwich 4
18%
Maroc Raja Casablanca 1
18%
Chypre APOEL Nicosie 6
15%
Angleterre Blackburn Rovers 3
15%
Espagne Deportivo La Corogne 13
15%
Japon Gamba Osaka 1
15%
Italie Genoa 5
15%
Angleterre Hull City 2
15%
Arabie Saoudite Al-Shabab 8
12%
Angleterre Birmingham City 2
12%
Portugal Boavista Porto 1
12%
Italie Lecce 1
12%
Moldavie Sheriff Tiraspol 2
12%
Angleterre Watford 2
12%
Arabie Saoudite Al-Ettifaq 3
9%
Angleterre Bolton 6
9%
Italie Crotone 2
9%
Espagne Eibar 7
9%
Bulgarie Ludogorets Razgrad 2
9%
Angleterre Portsmouth 6
9%
Espagne Real Saragosse 7
9%
Espagne Sporting Gijon 6
9%
Arabie Saoudite Al-Fateh 3 | 6
6%
Arabie Saoudite Al-Najma 3
6%
Angleterre Charlton Athletic 1
6%
Mexique Club América 1
6%
Espagne Cordoba 1
6%
Hongrie Ferencvaros 1
6%
Brésil Grêmio 1
6%
Italie La Spezia 3
6%
Espagne Racing Santander 6
6%
Italie SPAL 3
6%
Angleterre Stoke City 2
6%
Angleterre West Bromwich 4
6%
Japon Yokohama F. Marinos 1
6%
Qatar Al-Duhail 2
3%
Qatar Al-Gharafa 2
3%
Arabie Saoudite Al-Hazem 4
3%
Arabie Saoudite Al-Khaleej 7
3%
Arabie Saoudite Al-Kholood 2
3%
Arabie Saoudite Al-Qadsiah 2
3%
Qatar Al-Rayyan 1
3%
Arabie Saoudite Al-Wehda 10
3%
Arabie Saoudite Damac FC 9
3%
Angleterre Derby County 4
3%
Italie Empoli 2
3%
Italie Frosinone 2
3%
Japon Kashima Antlers 3
3%
Angleterre Millwall 1
3%
Portugal Moreirense 2
3%
Espagne Real Murcia 1
3%
Espagne Teneriffe 1
3%
Angleterre Wigan 7
3%
Egypte Zamalek 1
3%
Arabie Saoudite Abha 4
0%
Arabie Saoudite Al-Adalah 2
0%
Emirats Arabes Unis Al-Ain 2
0%
Arabie Saoudite Al-Fayah 1
0%
Arabie Saoudite Al-Fayha 5
0%
Emirats Arabes Unis Al-Jazira Abu Dhabi 1
0%
Arabie Saoudite Al-Okhood 7
0%
Arabie Saoudite Al-Oroban 1
0%
Arabie Saoudite Al-Raed 1 | 3
0%
Arabie Saoudite Al-Riyadh 5
0%
Arabie Saoudite Al-Taawoun 3
0%
Arabie Saoudite Al-Tai 5
0%
Emirats Arabes Unis Al-Wasl 3
0%
Hongrie Debrecen 1
0%
Portugal Estarreja 1
0%
Iran Esteghlal FC 1
0%
Angleterre Exeter 1
0%
Espagne Hércules 2
0%
Tadjikistan Istiqlol Dushanbe 1
0%
Angleterre Middlesbrough 5
0%
Portugal Oliveira do Hospital 1
0%
Espagne Ponferradina 1
0%
Angleterre Reading 4
0%
Tunisie US Monastir 1
0%
Espagne Xerez 4
0%
Aucun quiz correspondant
Distribution des résultats
% des personnes avec chaque résultat
Percentile par nombre de réponses
Votre historique - résultats
Vous n’avez pas pris ce quiz depuis la dernière actualisation